The invisible island / (Record no. 963)

MARC details
000 -LEADER
fixed length control field 01170nam a22003257a 4500
005 - DATE AND TIME OF LATEST TRANSACTION
control field 20250516140435.0
020 ## - INTERNATIONAL STANDARD BOOK NUMBER
International Standard Book Number 0679894578 (trade)
020 ## - INTERNATIONAL STANDARD BOOK NUMBER
International Standard Book Number 0679994572 (lib. ed.)
040 ## - CATALOGING SOURCE
Original cataloging agency DLC
Transcribing agency DLC
Modifying agency DLC
Language of cataloging eng
050 00 - LIBRARY OF CONGRESS CALL NUMBER
Classification number PZ7.R8139
Item number In 1999
082 00 - DEWEY DECIMAL CLASSIFICATION NUMBER
Classification number 813.54
Edition number 21
100 1# - MAIN ENTRY--PERSONAL NAME
Personal name Roy, Ron
Dates associated with a name 1940-
245 14 - TITLE STATEMENT
Title The invisible island /
Statement of responsibility, etc. by Ron Roy ; illustrated by John Steven Gurney
250 ## - EDITION STATEMENT
Edition statement First Scholastic printing, October 2001.
260 ## - PUBLICATION, DISTRIBUTION, ETC.
Place of publication, distribution, etc. New York :
Name of publisher, distributor, etc. Scholasic,
Date of publication, distribution, etc. 2001.
300 ## - PHYSICAL DESCRIPTION
Extent 87 pages :
Other physical details illustrations ;
Dimensions 20 cm.
490 1# - SERIES STATEMENT
Series statement A to Z mysteries
500 ## - GENERAL NOTE
General note "A Stepping Stone book."
505 ## - FORMATTED CONTENTS NOTE
Formatted contents note O <br/>
520 ## - SUMMARY, ETC.
Summary, etc. While picnicking on Squaw Island, Dink, Josh, and Ruth Rose find a hundred dollar bill, and when they return to explore further they find an entire cave full of money.
521 0# - TARGET AUDIENCE NOTE
Target audience note 610 <br/>
Source Lexile <br/>
521 0# - TARGET AUDIENCE NOTE
Target audience note O <br/>
Source Raz-Plus <br/>
650 #1 - SUBJECT ADDED ENTRY--TOPICAL TERM
Topical term or geographic name entry element Islands
Form subdivision Fiction.
650 #1 - SUBJECT ADDED ENTRY--TOPICAL TERM
Topical term or geographic name entry element Counterfeits and counterfeiting
Form subdivision Fiction.
650 #1 - SUBJECT ADDED ENTRY--TOPICAL TERM
Topical term or geographic name entry element Mystery and detective stories.
700 1# - ADDED ENTRY--PERSONAL NAME
Personal name Gurney, John Steven,
Dates associated with a name 1962-
Relator term illustrator
906 ## - LOCAL DATA ELEMENT F, LDF (RLIN)
a 7
b cbc
c orignew
d 1
e ocip
f 19
g y-gencatlg
942 ## - ADDED ENTRY ELEMENTS (KOHA)
Source of classification or shelving scheme Dewey Decimal Classification
Koha item type Books
Suppress in OPAC No
999 ## -
-- 963
-- 963
Holdings
Withdrawn status Lost status Source of classification or shelving scheme Damaged status Not for loan Collection Home library Current library Shelving location Date acquired Total Checkouts Full call number Barcode Date last seen Date last checked out Copy number Price effective from Koha item type
    Dewey Decimal Classification     Juvenile Fiction Footprints International School Library Network Toul Kork Campus Footprints International School Library Network Toul Kork Campus TK Primary Library Room(4th Floor), Bookcase 3&4, Shelves 17-32, Yellow Books 07/17/2023 2 Roy 813.54 PZ7.R8139 FISTK04701 03/29/2024 01/19/2024 1 07/17/2023 Books
    Dewey Decimal Classification     Juvenile Fiction Footprints International School Library Network Toul Kork Campus Footprints International School Library Network Toul Kork Campus TTP Primary Yellow Bookshelves 02/06/2025   Roy 813.54 PZ7.R8139 2025-0436 02/06/2025   2 02/06/2025 Books
    Dewey Decimal Classification     Juvenile Fiction Footprints International School Library Network Toul Kork Campus Footprints International School Library Network Toul Kork Campus TTP Primary Yellow Bookshelves 02/11/2025   Roy 813.54 PZ7.R8139 2025-0514 02/11/2025   3 02/11/2025 Books